Nuevos caminos abiertos al transito
Colección:
San Jorge,
; núm. 8 (octubre 1952), pàg. 60
Materias:
Carreteres -- Montseny (Catalunya) -- Disseny i construcció
; Carreteres -- El Brull (Catalunya) -- Disseny i construcció
; Carreteres -- Barcelona (Província) -- Disseny i construcció
Idioma:
Español
MARC
| LEADER | 00000naa a2200000 a 4500 | ||
|---|---|---|---|
| 003 | Arxiu | ||
| 005 | 20260324181025.0 | ||
| 008 | 160829s1952 spc xx s spa c | ||
| 040 | |a agdb | ||
| 245 | 0 | 0 | |a Nuevos caminos abiertos al transito |
| 490 | |a San Jorge, |v núm. 8 (octubre 1952), pàg. 60 | ||
| 650 | 0 | |a Carreteres |z Montseny (Catalunya) |x Disseny i construcció |9 31117 | |
| 650 | 0 | |a Carreteres |z El Brull (Catalunya) |x Disseny i construcció |9 28390 | |
| 650 | 0 | |a Carreteres |z Barcelona (Província) |x Disseny i construcció |9 42899 | |
| 773 | |g Núm. 8 (octubre 1952), pàg. 60 |t San Jorge. | ||
| 901 | |a Arxiu | ||
| 942 | |n 1 |2 udc |c ART | ||
| 952 | |0 0 |1 0 |4 0 |6 REV508 |7 1 |9 64311 |a Arxiu |b Arxiu |d 2022-11-23 |l 0 |o Rev-508 |r 2022-11-23 00:00:00 |w 2022-11-23 |y ARXIU |z També disponible a Rev-526 | ||
| 999 | |c 43966 |d 43966 | ||